00620nam a2200181Ia 4500003000400000005001700004008004100021040000900062082001500071100002700086245004900113260005800162300000900220650002100229942003600250952013500286999001700421OSt20201127164105.0190216s9999||||xx |||||||||||||| ||und|| coclc a920bNAI/T aNair, S Gupthan 96688 0aTagore Kaviyum Manushyanum /cS Gupthan Nair bSahithya Pravarthaka Co-Operative, aKottayam;c1982. a139p aJeeva Charithram cBK2ddch920iNAI/Tk920mNAI/T 00102ddc40708BIOGRAPHIESaMESbMEScMALd2019-02-20g10.50l0o920 NAI/Tp9456r2019-02-20 00:00:00t2w2019-02-20yBKzGR35R2 c25461d25461